| 000 | 00335 a2200109 4500 | ||
|---|---|---|---|
| 001 | ART_11854 | ||
| 005 | 20260410161901.0 | ||
| 008 | 260409a | ||
| 245 | 1 | 0 | _aIncome tax progressivity and labour supply |
| 100 | 1 | _aHemming, Richard | |
| 773 | 0 |
_tJournal of public economics _g- Vol. 14, NÂș 1 (ago. 1980) _wREV11485 |
|
| 999 |
_c25900 _d25900 |
||